[Event "Cadillac Open"]
[Site "Cadillac, MI"]
[Date "1999.11.07"]
[Round "5"]
[White "King, Gary"]
[Black "Mayer, Raymond"]
[Result "0-1"]
[WhiteElo "1213"]
[BlackElo "1345"]
[PlyCount "96"]
[EventDate "1999.09.03"]

1. e4 e5 2. f4 d5 3. exd5 exf4 4. Nf3 Bg4 5. Bb5+ c6 6. dxc6 Qe7+ 7. Qe2 Qxe2+
8. Bxe2 Nxc6 9. c3 Be7 10. d4 g5 11. O-O Nf6 12. Nbd2 O-O 13. Re1 h6 14. Bb5
Bd6 15. Nc4 Bc7 16. Bxc6 bxc6 17. Nce5 Bxf3 18. Nxf3 g4 19. Ne5 Bxe5 20. Rxe5
Nd5 21. c4 Ne3 22. Bxe3 fxe3 23. Rxe3 Kg7 24. Kf2 Kg6 25. Rae1 Rad8 26. Re4 h5
27. R1e3 Rd6 28. Ke2 Rfd8 29. Kd3 f5 30. Re6+ Rxe6 31. Rxe6+ Kg5 32. Rxc6 f4
33. Rc5+ Kh4 34. Rf5 Rb8 35. b3 a5 36. Rxa5 g3 37. hxg3+ Kxg3 38. Rxh5 Kxg2 39.
Rf5 f3 40. d5 Ra8 41. a4 Rb8 42. Kc3 Re8 43. b4 f2 44. c5 Re3+ 45. Kc4 Rf3 46.
Rxf3 Kxf3 47. Kb5 f1=Q+ 48. Kb6 Qc4 0-1

[Event "Cadillac Open"]
[Site "Cadillac, MI"]
[Date "1999.11.07"]
[Round "4"]
[White "Crysler, Jerry"]
[Black "Swathell, Gary"]
[Result "0-1"]
[WhiteElo "1463"]
[BlackElo "1551"]
[PlyCount "84"]
[EventDate "1999.09.03"]

1. g3 Nf6 2. Bg2 g6 3. c4 c6 4. Nf3 Bg7 5. O-O O-O 6. d3 d6 7. Nc3 Bg4 8. Bd2
Qc8 9. Rb1 Bh3 10. Ne4 Bxg2 11. Nxf6+ Bxf6 12. Kxg2 Bg7 13. b4 Nd7 14. Bg5 Nf6
15. e4 Qc7 16. Re1 h6 17. Bf4 e5 18. Bc1 Rad8 19. Bb2 Rfe8 20. Rh1 Qd7 21. Qb3
Nh7 22. Nh4 Bf6 23. Nf3 Ng5 24. Nxg5 Bxg5 25. h4 Bf6 26. Qd1 d5 27. Qf3 Kg7 28.
g4 d4 29. Kg3 b5 30. Rhc1 Rc8 31. a3 a6 32. Rc2 Rc7 33. Ra1 Rec8 34. Bc1 c5 35.
Qe2 cxb4 36. axb4 bxc4 37. Qd1 cxd3 38. Rxc7 Rxc7 39. Qxd3 Rc3 40. Ra3 Rxd3+
41. Rxd3 Qb5 42. Rb3 Qc4 0-1

[Event "Cadillac Open"]
[Site "Cadillac, MI"]
[Date "1999.11.07"]
[Round "5"]
[White "Baker, David"]
[Black "Saylor, Oliver"]
[Result "1-0"]
[WhiteElo "1570"]
[BlackElo "1308"]
[PlyCount "35"]
[EventDate "1999.09.03"]

1. e4 e5 2. Nc3 Nc6 3. Bc4 Nf6 4. f4 exf4 5. Nf3 Bc5 6. d4 Bb4 7. e5 Bxc3+ 8.
bxc3 Ne4 9. Qd3 Ng5 10. Bxf4 Nxf3+ 11. Qxf3 O-O 12. O-O Ne7 13. Bg5 d6 14.
Bxf7+ Kh8 15. Qh5 Qd7 16. e6 Qb5 17. c4 g6 18. Bf6# 1-0

[Event "Kalamazoo November Mini-Swiss.1"]
[Site "Kalamazoo, MI"]
[Date "1999.11.20"]
[Round "1"]
[White "Williams, Ken"]
[Black "Moore, Robert"]
[Result "1/2-1/2"]
[WhiteElo "1884"]
[BlackElo "1600"]
[PlyCount "71"]
[EventDate "1999.11.20"]

1. d4 Nf6 2. c4 d6 3. Nc3 g6 4. e4 Bg7 5. f3 O-O 6. Be3 e5 7. Nge2 Nc6 8. d5
Ne7 9. Qd2 Nd7 10. O-O-O f5 11. Kb1 Nb6 12. Nc1 a5 13. Nb3 a4 14. Na1 Bd7 15.
Re1 c6 16. dxc6 Bxc6 17. Rd1 Nbc8 18. c5 d5 19. exd5 Bd7 20. Bc4 Kh8 21. Rhe1
f4 22. Bf2 Na7 23. Ne4 Nf5 24. Nc2 Qc7 25. Na3 Nd4 26. Bxd4 exd4 27. Qb4 Bf5
28. Nb5 Nxb5 29. Bxb5 Rfc8 30. Rc1 Qe5 31. d6 a3 32. Bd3 axb2 33. Kxb2 Be6 34.
a3 Qd5 35. Qc4 Qe5 36. Qb4 1/2-1/2

[Event "Kalamazoo November Mini-Swiss.1"]
[Site "Kalamazoo, MI"]
[Date "1999.11.20"]
[Round "3"]
[White "Williams, Ken"]
[Black "Estlick, Laurence"]
[Result "1/2-1/2"]
[WhiteElo "1884"]
[BlackElo "1914"]
[PlyCount "62"]
[EventDate "1999.11.20"]

1. d4 d5 2. c4 e6 3. Nc3 Nf6 4. cxd5 exd5 5. Bg5 Be7 6. e3 O-O 7. Bd3 c6 8. Qc2
Re8 9. Nge2 h6 10. Bh4 Ne4 11. Bxe7 Qxe7 12. Bxe4 dxe4 13. Ng3 f5 14. h4 Na6
15. a3 Nc7 16. Nge2 Be6 17. Nf4 Bf7 18. h5 Rac8 19. Rc1 Red8 20. Qe2 Nd5 21.
Ncxd5 cxd5 22. O-O Rc7 23. Rc2 Rdc8 24. Rfc1 Qd6 25. Qd2 b6 26. Rc3 Kf8 27.
R1c2 Ke7 28. Qc1 Kd7 29. Kf1 Rxc3 30. Rxc3 Rxc3 31. Qxc3 Qc6 1/2-1/2

[Event "Kalamazoo November Mini-Swiss.3"]
[Site "Kalamazoo, MI"]
[Date "1999.11.20"]
[Round "2"]
[White "Tuzeneu, Jim"]
[Black "Smith, Adam"]
[Result "0-1"]
[WhiteElo "824"]
[BlackElo "1107"]
[PlyCount "116"]
[EventDate "1999.11.20"]

1. e4 c5 2. Nf3 d6 3. Nc3 Nf6 4. Bc4 Nc6 5. Ng5 e6 6. Nf3 Bd7 7. d4 cxd4 8.
Nxd4 a6 9. Be3 b5 10. Be2 b4 11. Na4 Nxd4 12. Qxd4 Bxa4 13. Qxb4 Bxc2 14. Bf3
d5 15. Qd4 Bxe4 16. Rd1 Bxf3 17. gxf3 Be7 18. O-O O-O 19. Rd3 Qd6 20. Bf4 Qc5
21. Qe5 Rac8 22. Rc3 Qb4 23. Rfc1 Rxc3 24. Rxc3 Nd7 25. Qc7 Nf6 26. Bc1 Nh5 27.
Qe5 Bf6 28. Qxh5 Bxc3 29. bxc3 Qxc3 30. Bf4 Qa1+ 31. Kg2 Qxa2 32. Qg4 Qc4 33.
Kg3 Qf1 34. h4 Qg1+ 35. Kh3 Qxg4+ 36. fxg4 a5 37. Be5 f6 38. Bd6 a4 39. f4 Ra8
40. Ba3 d4 41. Kg3 d3 42. Kf2 Kf7 43. Ke1 h6 44. Kd2 Rd8 45. Bb4 e5 46. f5 e4
47. Ke1 e3 48. Ba5 d2+ 49. Kd1 e2+ 50. Kxe2 d1=Q+ 51. Ke3 Qb3+ 52. Ke2 Re8+ 53.
Kf2 Qe3+ 54. Kg2 Rc8 55. Kf1 Qf3+ 56. Ke1 Rc2 57. Bd2 Qg2 58. Be3 Qe2# 0-1

[Event "Kalamazoo November Mini-Swiss.3"]
[Site "Kalamazoo, MI"]
[Date "1999.11.20"]
[Round "3"]
[White "Smith, Adam"]
[Black "Ringler, Dave"]
[Result "1-0"]
[WhiteElo "1107"]
[BlackElo "869"]
[PlyCount "61"]
[EventDate "1999.11.20"]

1. d4 c5 2. Nf3 cxd4 3. Nxd4 Nf6 4. Nc3 d6 5. e4 g6 6. f3 Bg7 7. Be3 O-O 8. Qd2
Nc6 9. Bc4 Bd7 10. h4 Rc8 11. Bb3 Qa5 12. O-O-O Ne5 13. h5 Nxh5 14. g4 Nf6 15.
Bh6 Nc4 16. Bxc4 Rxc4 17. Bxg7 Rxc3 18. Bxf8 Kxf8 19. Qxc3 Qxc3 20. bxc3 e6 21.
c4 a6 22. Ne2 Bc6 23. Nf4 d5 24. cxd5 exd5 25. exd5 Nxd5 26. Nxd5 Kg7 27. f4
Bd7 28. Ne3 Bc6 29. Rh3 Bb5 30. f5 gxf5 31. gxf5 1-0

[Event "Kalamazoo November Mini-Swiss.3"]
[Site "Kalamazoo, MI"]
[Date "1999.11.20"]
[Round "1"]
[White "Smith, Adam"]
[Black "Kaminsky, Gary"]
[Result "0-1"]
[WhiteElo "1107"]
[BlackElo "1068"]
[PlyCount "68"]
[EventDate "1999.11.20"]

1. e4 c5 2. Nf3 d6 3. d4 cxd4 4. Nxd4 Nf6 5. Nc3 a6 6. Bg5 e5 7. Nde2 Be7 8.
Qd2 Be6 9. O-O-O Ng4 10. Bxe7 Qxe7 11. Ng3 Nc6 12. Be2 Nxf2 13. Nf5 Bxf5 14.
exf5 Nxh1 15. Nd5 Qd8 16. Rxh1 O-O 17. Bc4 b5 18. Bb3 Nd4 19. Qd3 Nxb3+ 20.
Qxb3 Qg5+ 21. Ne3 Rfd8 22. g4 Qf4 23. Kb1 Qe4 24. Rf1 a5 25. a3 a4 26. Qc3 Rdc8
27. Qd2 b4 28. Nd5 Rc4 29. f6 g6 30. Ne7+ Kf8 31. Qh6+ Ke8 32. Qd2 bxa3 33. Rc1
axb2 34. Rd1 a3 0-1

[Event "Kalamazoo November Mini-Swiss.1"]
[Site "Kalamazoo, MI"]
[Date "1999.11.20"]
[Round "3"]
[White "Rutgers, Randy"]
[Black "Dorrington, Eldon"]
[Result "1-0"]
[WhiteElo "1575"]
[BlackElo "1666"]
[PlyCount "87"]
[EventDate "1999.11.20"]

1. d4 Nf6 2. Nc3 g6 3. e4 d6 4. f4 Bg7 5. Nf3 O-O 6. Bc4 Nc6 7. O-O Bg4 8. Be3
e5 9. d5 exf4 10. Bxf4 Ne5 11. Bxe5 dxe5 12. Qd3 Ne8 13. h3 Bd7 14. Qe3 Nd6 15.
Bb3 f5 16. Rad1 f4 17. Qf2 h6 18. Qe2 Kh7 19. a4 g5 20. Nb5 g4 21. hxg4 Bxg4
22. c4 Rg8 23. c5 Nxb5 24. Qxb5 Bf6 25. Rd3 Rg7 26. Qxb7 Bxf3 27. Rdxf3 Bh4 28.
Qb4 Qg5 29. Qd2 Bg3 30. Rxg3 fxg3 31. Qxg5 Rxg5 32. d6 cxd6 33. cxd6 Rc8 34. d7
Rd8 35. Be6 Rg7 36. b4 Re7 37. Bf5+ Kh8 38. b5 Kg7 39. a5 h5 40. b6 axb6 41.
axb6 Rg8 42. Rc1 h4 43. Rc8 Kf7 44. b7 1-0

[Event "Kalamazoo November Mini-Swiss.1"]
[Site "Kalamazoo, MI"]
[Date "1999.11.20"]
[Round "1"]
[White "Rutgers, Randy"]
[Black "Anderson, Gale"]
[Result "1/2-1/2"]
[WhiteElo "1575"]
[BlackElo "1623"]
[PlyCount "114"]
[EventDate "1999.11.20"]

1. d4 d5 2. e4 e6 3. Nc3 Bb4 4. Bf4 Nc6 5. Bb5 Nge7 6. Qf3 O-O 7. O-O-O a6 8.
Bxc6 bxc6 9. Nge2 Ng6 10. h4 Be7 11. Bg3 f5 12. e5 a5 13. Rh3 c5 14. h5 Bg5+
15. Kb1 Nh8 16. dxc5 Qe7 17. Nd4 Qxc5 18. Bh4 Nf7 19. g3 Bd7 20. Qe2 Rab8 21.
f4 Qxc3 22. Nb3 Qb4 23. fxg5 Bb5 24. Qe3 Bc4 25. g6 Nh6 26. Qc3 Bxb3 27. Qxb4
Bxa2+ 28. Kxa2 axb4 29. Be7 Rfe8 30. Bc5 hxg6 31. hxg6 Rb5 32. Be3 b3+ 33. cxb3
Ra8+ 34. Kb1 Rxb3 35. Bf4 Rab8 36. Rd2 R8b4 37. Rdh2 Kf8 38. Ka2 Ng8 39. Rh8 c5
40. Bd2 Rb5 41. g4 Rxb2+ 42. Ka3 R5b3+ 43. Ka4 Rd3 44. Bc1 Rxh2 45. Rxh2 Rd4+
46. Kb5 Rxg4 47. Ba3 Rxg6 48. Bxc5+ Kf7 49. Ra2 Nh6 50. Ra7+ Kg8 51. Kc6 Ng4
52. Kd6 f4 53. Ra3 Nh6 54. Rh3 Rg3 55. Rxg3 fxg3 56. Kxe6 Kh7 57. Kxd5 Kg6
1/2-1/2

[Event "Kalamazoo November Mini-Swiss.3"]
[Site "Kalamazoo, MI"]
[Date "1999.11.20"]
[Round "2"]
[White "Ringler, Dave"]
[Black "Kilburn, Gregory"]
[Result "1-0"]
[WhiteElo "869"]
[BlackElo "1202"]
[PlyCount "95"]
[EventDate "1999.11.20"]

1. e4 c5 2. Nf3 d6 3. d4 cxd4 4. Nxd4 Nf6 5. Nc3 a6 6. Bg5 e6 7. f4 e5 8. fxe5
dxe5 9. Bxf6 Qxf6 10. Nf3 Bb4 11. Qd2 Bxc3 12. Qxc3 Nc6 13. O-O-O Qf4+ 14. Kb1
Qxe4 15. Re1 Qb4 16. Qxb4 Nxb4 17. Rxe5+ Be6 18. Bc4 Nc6 19. Re2 Nd8 20. Ng5
O-O 21. Nxe6 Nxe6 22. Bxe6 fxe6 23. Rxe6 Rf2 24. g4 Raf8 25. a4 Rg2 26. h3 Rff2
27. Rd1 Kf7 28. Rb6 Rxc2 29. Rxb7+ Kg6 30. Rd6+ Kg5 31. Rxg7+ Kh4 32. Rxh7+ Kg3
33. Rb7 Rc4 34. Rxa6 Kxh3 35. Rh6+ Kxg4 36. Rg7+ Kf3 37. Rh3+ Kf2 38. Rxg2+
Kxg2 39. Ra3 Rf4 40. a5 Rf8 41. a6 Ra8 42. b4 Kf2 43. b5 Re8 44. a7 Re1+ 45.
Kb2 Re2+ 46. Kb3 Re3+ 47. Ka4 Re8 48. b6 1-0

[Event "Kalamazoo November Mini-Swiss.2"]
[Site "Kalamazoo, MI"]
[Date "1999.11.20"]
[Round "3"]
[White "Reist, Douglas"]
[Black "Perlmutter, David"]
[Result "1-0"]
[WhiteElo "1419"]
[BlackElo "1441"]
[PlyCount "105"]
[EventDate "1999.11.20"]

1. e4 c5 2. Nf3 Nc6 3. Bb5 g6 4. c3 Bg7 5. O-O a6 6. Bxc6 bxc6 7. d4 cxd4 8.
cxd4 Nf6 9. Re1 O-O 10. Bf4 d6 11. Nc3 Rb8 12. Rb1 Bg4 13. h3 Bxf3 14. Qxf3 Rb4
15. e5 Nh5 16. exd6 exd6 17. Be3 d5 18. Ne2 Nf6 19. b3 Ne4 20. a3 Rb7 21. Rec1
Qd7 22. Nc3 Re8 23. b4 Bf8 24. Qe2 Rb6 25. Na4 Rb5 26. Qc2 Rc8 27. f3 Nd6 28.
Nc5 Qa7 29. Qd3 Nc4 30. a4 Rb6 31. g4 Re8 32. Bf4 Qe7 33. Rc2 Bg7 34. Kf2 g5
35. Bg3 Qe3+ 36. Qxe3 Rxe3 37. Rxc4 dxc4 38. Kxe3 c3 39. Be1 c2 40. Rc1 Rb8 41.
Bc3 Re8+ 42. Kd3 Rd8 43. Rxc2 Ra8 44. Ra2 Bf8 45. Kc4 Bd6 46. d5 cxd5+ 47. Kxd5
Bf4 48. Re2 Rd8+ 49. Kc4 Kf8 50. b5 axb5+ 51. Kxb5 Rb8+ 52. Kc4 Bd6 53. Nd7+
1-0

[Event "Kalamazoo November Mini-Swiss.2"]
[Site "Kalamazoo, MI"]
[Date "1999.11.20"]
[Round "1"]
[White "Reist, Douglas"]
[Black "Dick, Jason"]
[Result "1-0"]
[WhiteElo "1419"]
[BlackElo "1204"]
[PlyCount "113"]
[EventDate "1999.11.20"]

1. e4 e5 2. Nf3 Nf6 3. Nxe5 Qe7 4. d4 d6 5. Nf3 Nxe4 6. Be2 Bg4 7. O-O Nc6 8.
Re1 O-O-O 9. d5 Ne5 10. Nxe5 Qxe5 11. Bxg4+ Kb8 12. f3 f5 13. Bh3 Re8 14. fxe4
g6 15. Nc3 Bg7 16. Be3 f4 17. Bf2 a6 18. Rb1 Rhf8 19. a3 Qg5 20. Qg4 Qxg4 21.
Bxg4 h5 22. Bf3 Rh8 23. Bh4 Be5 24. Na2 Ref8 25. b4 Bd4+ 26. Kf1 Bf6 27. Bxf6
Rxf6 28. c4 g5 29. h3 g4 30. hxg4 hxg4 31. Bxg4 Rh1+ 32. Kf2 Rh4 33. Bf3 Rg6
34. Rh1 Rhh6 35. Rxh6 Rxh6 36. Nc3 b6 37. a4 Kb7 38. a5 c6 39. dxc6+ Kxc6 40.
e5+ Kc7 41. Nd5+ Kd7 42. Nxb6+ Ke6 43. exd6 Kxd6 44. Rd1+ Kc7 45. Nd5+ Kc8 46.
Nxf4 Kc7 47. c5 Kb8 48. c6 Kc7 49. Rd7+ Kc8 50. Rf7 Rh8 51. Bg4+ Kd8 52. c7+
Ke8 53. c8=Q+ Kxf7 54. Qxh8 Ke7 55. Qe5+ Kd8 56. Qd6+ Ke8 57. Bh5# 1-0

[Event "Kalamazoo November Mini-Swiss.3"]
[Site "Kalamazoo, MI"]
[Date "1999.11.20"]
[Round "2"]
[White "Perlmutter, Norman"]
[Black "Henkel, Scott"]
[Result "0-1"]
[WhiteElo "707"]
[BlackElo "1266"]
[PlyCount "152"]
[EventDate "1999.11.20"]

1. e4 d6 2. d4 Nf6 3. Nc3 g6 4. Nf3 Bg7 5. Bc4 O-O 6. Be3 Nxe4 7. Nxe4 d5 8.
Bxd5 Qxd5 9. Nc3 Qc6 10. O-O Bg4 11. Ne5 Bxd1 12. Nxc6 Nxc6 13. Raxd1 a6 14.
Rfe1 e6 15. Ne4 Nb4 16. Bf4 Nxc2 17. Re2 Nxd4 18. Red2 Nc6 19. Bxc7 Nb4 20. a3
Nd5 21. Bg3 Bh6 22. Rd3 Nf4 23. Rd7 Ne2+ 24. Kf1 Nxg3+ 25. hxg3 Bg7 26. Rxb7
Rfb8 27. Rdd7 Rxb7 28. Rxb7 h6 29. Nd6 Rd8 30. Nxf7 Rd2 31. Ke1 Rxb2 32. Nxh6+
Kh7 33. Rxb2 Bxb2 34. Ng4 Bxa3 35. Kd2 a5 36. Kc3 Kg7 37. Kb3 Bb4 38. Ne5 Kf6
39. Nd3 Bd6 40. Ka4 Bc7 41. Nc5 Kf5 42. Kb5 e5 43. Kc6 Bd8 44. f3 Be7 45. Kb5
Bxc5 46. Kxc5 e4 47. Kd4 a4 48. fxe4+ Kf6 49. e5+ Ke6 50. g4 a3 51. Kc3 Kxe5
52. Kb3 Kf4 53. g5 Kxg5 54. Kxa3 Kg4 55. Kb3 Kg3 56. Kc4 Kxg2 57. Kd4 Kf3 58.
Ke5 g5 59. Kd4 g4 60. Kd5 g3 61. Ke5 g2 62. Kd5 g1=R 63. Kd4 Re1 64. Kd5 Kf4
65. Kd6 Re5 66. Kc6 Ke4 67. Kd6 Kd4 68. Kc6 Rd5 69. Kc7 Kc5 70. Kb7 Rd6 71. Kc7
Kd5 72. Kb7 Rc6 73. Ka7 Kc5 74. Kb7 Kb5 75. Kb8 Kb6 76. Ka8 Rc8# 0-1

[Event "Kalamazoo November Mini-Swiss.2"]
[Site "Kalamazoo, MI"]
[Date "1999.11.20"]
[Round "2"]
[White "Perlmutter, David"]
[Black "Linklater, Erik"]
[Result "0-1"]
[WhiteElo "1441"]
[BlackElo "1640"]
[PlyCount "80"]
[EventDate "1999.11.20"]

1. c4 Nf6 2. g3 e6 3. Bg2 d5 4. b3 Be7 5. Bb2 O-O 6. Nf3 c5 7. e3 Nc6 8. a3 Qc7
9. O-O e5 10. cxd5 Nxd5 11. e4 Nf6 12. Nc3 Be6 13. Ng5 Bg4 14. Qe1 Rad8 15. Nf3
Qb6 16. Rb1 Bxf3 17. Bxf3 Nd4 18. Qd1 Qxb3 19. Bc1 Qxd1 20. Bxd1 Rd7 21. Nb5
Nxb5 22. Rxb5 Nxe4 23. Re1 Nxd2 24. Bxd2 Rxd2 25. Rxb7 Bd6 26. Rxa7 c4 27. Ra6
Bc5 28. Rf1 e4 29. Rc6 Bxf2+ 30. Kh1 e3 31. Rxc4 e2 32. Bxe2 Rxe2 33. a4 Rfe8
34. a5 Ra2 35. a6 h6 36. Rc7 Ree2 37. Rc8+ Kh7 38. Rc7 Bxg3 39. Rfc1 Bxc7 40.
Rxc7 Re1# 0-1

[Event "Kalamazoo November Mini-Swiss.1"]
[Site "Kalamazoo, MI"]
[Date "1999.11.20"]
[Round "2"]
[White "Moore, Robert"]
[Black "Rutgers, Randy"]
[Result "0-1"]
[WhiteElo "1600"]
[BlackElo "1575"]
[PlyCount "93"]
[EventDate "1999.11.20"]

1. e4 c5 2. Nf3 Nc6 3. d4 cxd4 4. Nxd4 d6 5. Nc3 Nf6 6. Bg5 Ng4 7. Be2 Qb6 8.
Bxg4 Qxd4 9. Qxd4 Nxd4 10. Bd1 Be6 11. Be3 Nc6 12. Nb5 Kd7 13. c3 g6 14. Ba4 a6
15. Nd4 b5 16. Nxe6 fxe6 17. Bc2 Bg7 18. Rb1 Rac8 19. f4 e5 20. Bd1 Bh6 21.
Bg4+ e6 22. g3 Na5 23. b3 Ke7 24. Rc1 exf4 25. gxf4 b4 26. c4 Nc6 27. Ke2 Rcf8
28. Rhf1 Bg7 29. e5 h5 30. exd6+ Kd7 31. Bh3 Kxd6 32. Rcd1+ Kc7 33. Bxe6 Rd8
34. f5 Bd4 35. fxg6 Rhe8 36. Rf7+ Kb6 37. Bd5 Bxe3 38. Kf1 Ne7 39. Rf6+ Kc5 40.
g7 Bd4 41. g8=Q Rxg8 42. Bxg8 Rxg8 43. Re6 Nf5 44. Rd3 Rg1+ 45. Ke2 Rg2+ 46.
Kf1 Rxh2 47. a4 0-1

[Event "Kalamazoo November Mini-Swiss.1"]
[Site "Kalamazoo, MI"]
[Date "1999.11.20"]
[Round "3"]
[White "Moore, Robert"]
[Black "Anderson, Gale"]
[Result "1-0"]
[WhiteElo "1600"]
[BlackElo "1623"]
[PlyCount "43"]
[EventDate "1999.11.20"]

1. e4 e6 2. d4 d5 3. e5 c5 4. c3 Nc6 5. Nf3 Qb6 6. Be2 cxd4 7. cxd4 Bb4+ 8. Nc3
Nge7 9. O-O Nf5 10. Bb5 Bd7 11. Bxc6 bxc6 12. a3 Bxc3 13. bxc3 O-O 14. g4 Ne7
15. h4 c5 16. h5 Rac8 17. h6 Ng6 18. hxg7 Kxg7 19. Qd2 Rh8 20. Qh6+ Kg8 21. Bg5
cxd4 22. Bf6 1-0

[Event "Kalamazoo November Mini-Swiss.2"]
[Site "Kalamazoo, MI"]
[Date "1999.11.20"]
[Round "3"]
[White "Linklater, Erik"]
[Black "Griffin, John"]
[Result "0-1"]
[WhiteElo "1640"]
[BlackElo "1529"]
[PlyCount "84"]
[EventDate "1999.11.20"]

1. d4 d5 2. c4 Nc6 3. Nf3 Bg4 4. cxd5 Bxf3 5. gxf3 Qxd5 6. e3 e5 7. Nc3 Bb4 8.
Bd2 Bxc3 9. bxc3 Qd6 10. Bh3 Nge7 11. O-O Ng6 12. Rb1 Rb8 13. Qe2 O-O 14. c4
exd4 15. exd4 Rfe8 16. Qd3 Nf4 17. Bxf4 Qxf4 18. d5 Ne5 19. Qf5 Nxf3+ 20. Kg2
Nh4+ 21. Kg1 Nxf5 22. Bxf5 Qxf5 23. Rb3 Re4 24. Re3 Rbe8 25. Rfe1 Rxe3 26. fxe3
Re4 27. Rf1 Qg5+ 28. Kh1 Rxe3 29. Rg1 Qh4 30. Rf1 Re1 31. Rxe1 Qxe1+ 32. Kg2
Qe2+ 33. Kg3 Qxc4 34. a3 Qxd5 35. h4 c5 36. a4 c4 37. a5 c3 38. a6 c2 39. axb7
Qxb7 40. h5 c1=Q 41. Kh4 Qf4+ 42. Kh3 Qh1# 0-1

[Event "Kalamazoo November Mini-Swiss.2"]
[Site "Kalamazoo, MI"]
[Date "1999.11.20"]
[Round "1"]
[White "Linklater, Erik"]
[Black "Anthony, James"]
[Result "1-0"]
[WhiteElo "1640"]
[BlackElo "1552"]
[PlyCount "56"]
[EventDate "1999.11.20"]

1. d4 e6 2. c4 d5 3. g3 Nf6 4. Bg2 c6 5. Qc2 Bb4+ 6. Bd2 Qe7 7. Nf3 Nbd7 8. O-O
h6 9. c5 Bxd2 10. Nbxd2 O-O 11. b4 e5 12. Nxe5 Nxe5 13. dxe5 Qxe5 14. Nf3 Qe4
15. Qxe4 Nxe4 16. a4 Nc3 17. Nd4 Re8 18. Rfe1 Ne4 19. f3 Nc3 20. Ra3 Re3 21.
Kf2 Nd1+ 22. Rxd1 Rxa3 23. a5 Rc3 24. Rd2 Rc4 25. Nc2 Bf5 26. e4 Be6 27. Bf1
Rc3 28. Ne3 Rd8 {[White played the illegal 29.f5]} 1-0

[Event "Kalamazoo November Mini-Swiss.3"]
[Site "Kalamazoo, MI"]
[Date "1999.11.20"]
[Round "1"]
[White "Krzyston, Joe"]
[Black "Ringler, Dave"]
[Result "1-0"]
[WhiteElo "861"]
[BlackElo "869"]
[PlyCount "55"]
[EventDate "1999.11.20"]

1. e4 c5 2. Nf3 d6 3. d4 cxd4 4. Nxd4 Nf6 5. Nc3 g6 6. Bc4 Bg7 7. O-O O-O 8.
Be3 Qc7 9. b3 Ng4 10. Ndb5 Qa5 11. Bd2 Qb6 12. Nd5 Qc5 13. h3 Bxa1 14. Qxa1 Ne5
15. Be3 Qc6 16. Nxe7+ Kh8 17. Nxc6 Nbxc6 18. Nxd6 Bxh3 19. Nxf7+ Rxf7 20. Bxf7
Rf8 21. Bf4 Rxf7 22. Bxe5+ Nxe5 23. Qxe5+ Kg8 24. gxh3 a6 25. f4 b5 26. Rd1 Rf8
27. Rd7 Rf7 28. a4 1-0

[Event "Kalamazoo November Mini-Swiss.3"]
[Site "Kalamazoo, MI"]
[Date "1999.11.20"]
[Round "3"]
[White "Krzyston, Joe"]
[Black "Perlmutter, Norman"]
[Result "0-1"]
[WhiteElo "861"]
[BlackElo "707"]
[PlyCount "58"]
[EventDate "1999.11.20"]

1. e4 c5 2. Nf3 d6 3. d4 cxd4 4. Nxd4 Nf6 5. Nc3 e6 6. Bd3 Be7 7. O-O O-O 8.
Be3 b6 9. Qf3 Bb7 10. Qh3 Nbd7 11. e5 Nxe5 12. f4 Nxd3 13. cxd3 Rc8 14. Ne4
Nxe4 15. dxe4 Bxe4 16. Nxe6 fxe6 17. Qxe6+ Kh8 18. Qxe4 d5 19. Qd3 Rc4 20. Rf3
Bf6 21. Rh3 h6 22. f5 Bxb2 23. Rf1 Qd7 24. Rf4 Rxf4 25. Bxf4 Qxf5 26. Rxh6+
gxh6 27. Qe3 Qxf4 28. Qe2 Bd4+ 29. Kh1 Qf1+ 0-1

[Event "Kalamazoo November Mini-Swiss.2"]
[Site "Kalamazoo, MI"]
[Date "1999.11.20"]
[Round "1"]
[White "Korhorn, Jack"]
[Black "Perlmutter, David"]
[Result "0-1"]
[WhiteElo "888"]
[BlackElo "1441"]
[PlyCount "54"]
[EventDate "1999.11.20"]

1. e4 c5 2. Nf3 g6 3. d4 b6 4. Nc3 Bg7 5. b3 Nc6 6. d5 Ne5 7. Bf4 d6 8. Bb5+
Bd7 9. Ba4 Nf6 10. Bg5 O-O 11. O-O Qc8 12. Nh4 Rb8 13. f4 Bxa4 14. fxe5 Nxe4
15. Bxe7 Nxc3 16. Qf3 Bb5 17. Bxf8 Qxf8 18. Rfe1 Bxe5 19. Nxg6 fxg6 20. Qe3 Bd4
21. h3 Bxe3+ 22. Rxe3 Nxd5 23. Rf3 Qe7 24. Kf2 Rf8 25. Kg3 Qe5+ 26. Kf2 Rxf3+
27. Kxf3 Qf4# 0-1

[Event "Kalamazoo November Mini-Swiss.2"]
[Site "Kalamazoo, MI"]
[Date "1999.11.20"]
[Round "3"]
[White "Korhorn, Jack"]
[Black "Culver, Daniel"]
[Result "0-1"]
[WhiteElo "888"]
[BlackElo "1374"]
[PlyCount "70"]
[EventDate "1999.11.20"]

1. d4 Nf6 2. Nc3 d6 3. g3 g6 4. Bg2 Bg7 5. e4 Nbd7 6. b3 O-O 7. Nce2 Ne8 8. c4
e5 9. Nf3 f5 10. Nd2 Ndf6 11. dxe5 dxe5 12. f3 c6 13. Ba3 Rf7 14. O-O Rd7 15.
Bh3 Rxd2 16. Qe1 Qb6+ 17. Qf2 Qa5 18. Rad1 Rxd1 19. Rxd1 Qxa3 20. exf5 Bxf5 21.
g4 Bc2 22. Re1 Rd8 23. g5 Nh5 24. Be6+ Kh8 25. f4 Nc7 26. Bg4 Nxf4 27. Nxf4
exf4 28. Qxf4 Qc5+ 29. Re3 Bd4 30. Qxc7 Bxe3+ 31. Kg2 Rd2+ 32. Kg3 Bf2+ 33. Kf3
Qe3+ 34. Kg2 Bg3+ 35. Kh3 Rxh2# 0-1

[Event "Kalamazoo November Mini-Swiss.3"]
[Site "Kalamazoo, MI"]
[Date "1999.11.20"]
[Round "3"]
[White "Kilburn, Gregory"]
[Black "Tuzeneu, Jim"]
[Result "1-0"]
[WhiteElo "1202"]
[BlackElo "824"]
[PlyCount "155"]
[EventDate "1999.11.20"]

1. e4 d6 2. d4 Nf6 3. Bd3 Nc6 4. c3 g6 5. Nf3 Bg7 6. Be3 b6 7. h3 Bb7 8. O-O
O-O 9. Re1 Qd7 10. Nbd2 e6 11. Nf1 Rfe8 12. Qd2 Re7 13. Bg5 Ree8 14. N3h2 d5
15. e5 Ne4 16. Bxe4 dxe4 17. Rxe4 Ne7 18. Rh4 Nf5 19. Rf4 h6 20. Bf6 Bd5 21.
Bxg7 Kxg7 22. Ne3 Nxe3 23. Qxe3 Rf8 24. Rf6 Qc6 25. f3 Qb7 26. Ng4 Rh8 27. Qf4
Raf8 28. Kf2 c5 29. h4 Qa6 30. Ne3 Qb7 31. Nxd5 exd5 32. g4 Qa6 33. Rd6 Qb7 34.
Qf6+ Kh7 35. h5 Rhg8 36. Rg1 cxd4 37. cxd4 Rc8 38. hxg6+ fxg6 39. Rg2 Rgf8 40.
Qxg6+ Kh8 41. Rh2 Rc2+ 42. Kg3 Rxh2 43. Kxh2 Qh7 44. Qxh6 Qxh6+ 45. Rxh6+ Kg7
46. Rh3 Rf4 47. Kg3 Rxd4 48. e6 Rd2 49. Rh5 d4 50. Rf5 Re2 51. Rd5 a5 52. Rxd4
Rxe6 53. b4 a4 54. b5 a3 55. Ra4 Re3 56. Ra6 Re6 57. Rxa3 Kf7 58. Rc3 Re7 59.
Rc6 Rb7 60. f4 Rd7 61. Rxb6 Rd2 62. a4 Ra2 63. Ra6 Ra3+ 64. Kh4 Rb3 65. b6 Rb4
66. Ra7+ Ke6 67. f5+ Ke5 68. a5 Rb5 69. Kg5 Rd5 70. b7 Rd8 71. Ra8 Rd7 72.
b8=Q+ Ke4 73. Qe8+ Kf3 74. Qxd7 Kg3 75. Qd3+ Kf2 76. Re8 Kg2 77. Re2+ Kf1 78.
Qd1# 1-0

[Event "Kalamazoo November Mini-Swiss.3"]
[Site "Kalamazoo, MI"]
[Date "1999.11.20"]
[Round "1"]
[White "Kilburn, Gregory"]
[Black "Perlmutter, Norman"]
[Result "0-1"]
[WhiteElo "1202"]
[BlackElo "707"]
[PlyCount "54"]
[EventDate "1999.11.20"]

1. e4 c5 2. Nf3 d6 3. d4 cxd4 4. Nxd4 Nf6 5. Nc3 Nc6 6. Nf3 b6 7. Bb5 Bb7 8.
O-O e6 9. Re1 a6 10. Ba4 Be7 11. a3 b5 12. Bb3 Qc7 13. Ba2 O-O 14. b4 Rac8 15.
Bg5 Ne5 16. Bd2 Rfd8 17. Rc1 Qb8 18. Nb1 Bxe4 19. Nd4 Qa8 20. f3 Bb7 21. c3 Nd3
22. Nxe6 fxe6 23. Bxe6+ Kf8 24. Bxc8 Nxe1 25. Bxb7 Qa7+ 26. Kh1 Nd3 27. Be4
Nf2+ 0-1

[Event "Kalamazoo November Mini-Swiss.3"]
[Site "Kalamazoo, MI"]
[Date "1999.11.20"]
[Round "2"]
[White "Kaminsky, Gary"]
[Black "Krzyston, Joe"]
[Result "1-0"]
[WhiteElo "1068"]
[BlackElo "861"]
[PlyCount "43"]
[EventDate "1999.11.20"]

1. e4 e5 2. Nf3 Nc6 3. Bb5 Nf6 4. Bxc6 Ng4 5. Bd5 c6 6. Bb3 Bc5 7. O-O b5 8. d4
exd4 9. Nxd4 d6 10. Qf3 O-O 11. Nf5 Ne5 12. Qg3 Ng6 13. Nxg7 Kxg7 14. h4 Kh8
15. h5 Nh4 16. Bh6 Rg8 17. Qc3+ f6 18. Bxg8 Bg4 19. Bb3 Qe7 20. Bg5 Nxg2 21.
Bxf6+ Qxf6 22. Qxf6# 1-0